[Event "Trois-Rivieres Mauricie op U2000"]
[Site "Trois Rivieres"]
[Date "2016.03.19"]
[Round "3"]
[White "Saha, Ananda"]
[Black "Milette, Patrick"]
[Result "1-0"]
[WhiteElo "1941"]
[BlackElo "1841"]
[PlyCount "69"]
[EventDate "2016.03.18"]
[EventType "swiss"]
[EventRounds "5"]
[EventCountry "CAN"]
[SourceTitle "EXT 2022"]
[Source "ChessBase"]
[SourceDate "2021.10.06"]
[SourceVersion "1"]
[SourceVersionDate "2021.10.06"]
[SourceQuality "1"]

1. d4 Nf6 2. c4 c5 3. d5 b5 4. cxb5 a6 5. b6 g6 6. Nc3 Bg7 7. a4 Qxb6 8. a5 Qd8 9. e4 d6 10. Bc4 Nbd7 11. f4 0-0 12. Qd3 Ne8 13. Nf3 Nc7 14. 0-0 Rb8 15. Re1 Re8 16. Ra2 Nf8 17. h3 h6 18. e5 h5 19. Nh4 e6 20. Nf3 exd5 21. Nxd5 Nxd5 22. Bxd5 dxe5 23. Qc4 Be6 24. Bxe6 Nxe6 25. fxe5 Qc8 26. Ra4 Rd8 27. Rf1 Nd4 28. Nxd4 Rxd4 29. Qxf7+ Kh7 30. Rxd4 cxd4 31. Qa7 Rb5 32. Bg5 Rb7 33. Qxa6 Qc7 34. Bf6 Ra7 35. Qb6 1-0